Aventuras de emprendedores: 57 historias de creatividad y valentía en la empresa (Registro nro. 11842)

Detalles MARC
000 -Cabecera
Campo de control de longitud fija 00916nam a22003257a 4500
005 - Fecha y hora de la última transacción
Campo de control 20250804155926.0
008 - Elementos de longitud fija--Información general
Campo de control de longitud fija 170425b2011 xxu||||| |||| 00| 0 spa d
020 ## - International Standard Book Number
Número Internacional Estándar del Libro (ISBN) 9788493926823
041 ## - Idioma
Código de idioma Español
082 ## - Clasificación Decimal Dewey
Número de clasificación 658.409.2 G179a2
100 ## - Entrada principal--Autor personal
Nombre personal Galtés Campos, Mar
9 (RLIN) 42357
245 ## - Título propiamente dicho
Título Aventuras de emprendedores: 57 historias de creatividad y valentía en la empresa
250 ## - Edición
Mención de edición 2 edición
260 ## - Pie de imprenta
Lugar de publicación, distribución, etc. España
260 ## - Pie de imprenta
Nombre del editor, distribuidor, etc. Lexus
260 ## - Pie de imprenta
Fecha de publicación, distribución, etc. 2011
300 ## - Descripción física
Extensión 229 páginas
490 ## - Serie
Título de la Serie Dirección y Administración de Empresas
650 ## - Materia general
Temática (materia general) LIDERAZGO EJECUTIVO
650 ## - Materia general
Temática (materia general) EMPRENDER CON PASIÓN
650 ## - Materia general
Temática (materia general) INVENTAR UNA MARCA
650 ## - Materia general
Temática (materia general) PIONEROS DE INTERNET
650 ## - Materia general
Temática (materia general) EMPRENDEDURISMO
650 ## - Materia general
Temática (materia general) NUEVAS TECNOLOGÍAS
650 ## - Materia general
Temática (materia general) EMPRENDEDORES
650 ## - Materia general
Temática (materia general) PIONEROS DE INTERNET
650 ## - Materia general
Temática (materia general) NUEVAS TECNOLOGÍAS
650 ## - Materia general
Temática (materia general) BIOCTENOLOGÍA
942 ## - Punto de acceso adicional KOHA
Tipo de ítem KOHA Libro
Fuente del sistema de clasificación o colocación Dewey Decimal Classification
Existencias
Signatura completa Código de barras Programa Académico Tipo de ítem
658.409.2 G179a2 24180 Dirección y Administración de Empresas Libro